[Event "2015 Northern Alberta Open"]
[Site "Edmonton"]
[Date "2015.02.15"]
[Round "4.5"]
[White "Superceanu, Bogdan"]
[Black "Daniluk, Jim"]
[Result "0-1"]
[WhiteElo "1800"]
[BlackElo "1983"]
[PlyCount "84"]
[EventDate "2015.02.14"]
[EventType "swiss"]
[EventRounds "5"]
[EventCountry "CAN"]

1. e4 c5 2. Nf3 Nc6 3. d4 cxd4 4. Nxd4 Nf6 5. Nc3 e5 6. Ndb5 d6 7. Bg5 a6 8.
Na3 b5 9. Nd5 Be7 10. Bxf6 Bxf6 11. c3 Rb8 12. Qd2 Bg5 13. Ne3 Be6 14. Rd1 O-O
15. b3 Qa5 16. Nb1 b4 17. Be2 bxc3 18. Nxc3 Nd4 19. O-O Qxc3 20. Bxa6 Qxd2 21.
Rxd2 f5 22. exf5 Nxf5 23. Rd3 Nxe3 24. fxe3 d5 25. a4 d4 26. exd4 exd4 27.
Rxf8+ Kxf8 28. Bb5 Ke7 29. h3 Be3+ 30. Kf1 Bf5 31. Rxe3+ dxe3 32. Ke2 Bd7 33.
Bc4 Be6 34. Kxe3 Bxc4 35. bxc4 Rb4 36. Kd4 Rxa4 37. Kc5 Kd7 38. Kb5 Ra2 39. g4
Kd6 40. c5+ Kd5 41. Kb4 Rb2+ 42. Kc3 Rb5 0-1

[Event "2015 Northern Alberta Open"]
[Site "Edmonton"]
[Date "2015.02.15"]
[Round "4.10"]
[White "Robertson, Trevor"]
[Black "Koperski, Dustin"]
[Result "1-0"]
[WhiteElo "1539"]
[BlackElo "1630"]
[PlyCount "111"]
[EventDate "2015.02.14"]
[EventType "swiss"]
[EventRounds "5"]
[EventCountry "CAN"]

1. d4 Nf6 2. c4 c5 3. d5 e6 4. dxe6 fxe6 5. Nc3 d5 6. cxd5 exd5 7. e3 a6 8. Nf3
Nc6 9. Bd3 Be7 10. a3 O-O 11. h3 b5 12. Qc2 b4 13. Ne2 Bb7 14. Bd2 c4 15. Bf5
b3 16. Be6+ Kh8 17. Qd1 Bc8 18. Bxc8 Qxc8 19. O-O Ne4 20. Ned4 Nxd4 21. Nxd4
Nxd2 22. Qxd2 Bf6 23. Rac1 Bxd4 24. Qxd4 Rd8 25. Rc3 Qe6 26. Rd1 Rd7 27. Rxc4
dxc4 28. Qxd7 Qxd7 29. Rxd7 c3 30. bxc3 Rb8 31. Rd1 Kg8 32. Rb1 Kf7 33. Kf1 Ke6
34. Ke2 Kd5 35. Kd3 a5 36. a4 Kc5 37. Kd2 Kc4 38. Re1 Rd8+ 39. Kc1 Kxc3 40. e4
Kb4 41. e5 Ka3 42. e6 Ka2 43. Re2+ b2+ 44. Rxb2+ Ka3 45. Rb7 Re8 46. e7 Kxa4
47. f4 Ka3 48. g4 h6 49. h4 g6 50. f5 gxf5 51. gxf5 a4 52. f6 h5 53. f7 Rg8 54.
f8=Q Rg1+ 55. Kd2 Rg8 56. e8=Q+ 1-0

[Event "2015 Northern Alberta Open"]
[Site "Edmonton"]
[Date "2015.02.15"]
[Round "4.12"]
[White "Bentley, Bill"]
[Black "Sponga, George"]
[Result "1-0"]
[WhiteElo "1861"]
[BlackElo "1772"]
[PlyCount "137"]
[EventDate "2015.02.14"]
[EventType "swiss"]
[EventRounds "5"]
[EventCountry "CAN"]

1. d4 d5 2. c4 dxc4 3. Nf3 c6 4. e3 b5 5. a4 Bb7 6. axb5 cxb5 7. b3 cxb3 8.
Bxb5+ Nd7 9. Qxb3 Bxf3 10. gxf3 g6 11. O-O Bg7 12. Qa4 Ngf6 13. Bd2 O-O 14. Bb4
Nb6 15. Qa3 Qd5 16. Be2 Rfe8 17. Nc3 Qg5+ 18. Kh1 e5 19. dxe5 Qxe5 20. Bd6 Qe6
21. Nb5 Nfd5 22. Rad1 a6 23. Nd4 Qh3 24. Bg3 h5 25. Rg1 h4 26. Bf1 Qc8 27. Bxh4
Re5 28. Bg3 Rh5 29. Rc1 Qb7 30. Bg2 Qd7 31. Qd6 Rd8 32. Qxd7 Rxd7 33. Ne2 a5
34. Rgd1 a4 35. e4 Nb4 36. Rxd7 Nxd7 37. Bd6 Nd3 38. Rc8+ Kh7 39. Kg1 Ra5 40.
Nc3 a3 41. Na2 Bd4 42. Bg3 Rb5 43. Rc4 Rb1+ 44. Bf1 Bg7 45. Bd6 Bb2 46. Ra4
N7c5 47. Ra7 Ra1 48. Nb4 Be5 49. Bxe5 Nxe5 50. Kg2 Rb1 51. Nc2 Ncd3 52. Bxd3
Nxd3 53. Rxa3 Rb2 54. Rxd3 Rxc2 55. f4 Kg7 56. h4 Rc4 57. Kf3 Kh6 58. Re3 Kh5
59. Kg3 Rc1 60. e5 Rg1+ 61. Kf3 Rh1 62. Kg2 Rxh4 63. Rh3 Kg4 64. Rxh4+ Kxh4 65.
Kf3 Kh5 66. Ke4 Kh6 67. f5 Kg5 68. f4+ Kg4 69. fxg6 1-0

[Event "2015 Northern Alberta Open"]
[Site "Edmonton"]
[Date "2015.02.15"]
[Round "5.1"]
[White "Gardner, Robert"]
[Black "Arruebarrena, Rafael"]
[Result "0-1"]
[WhiteElo "2095"]
[BlackElo "2224"]
[PlyCount "58"]
[EventDate "2015.02.14"]
[EventType "swiss"]
[EventRounds "5"]
[EventCountry "CAN"]

1. d4 Nf6 2. c4 g6 3. Nc3 d5 4. Nf3 Bg7 5. Bg5 Ne4 6. Bh4 Nxc3 7. bxc3 dxc4 8.
Qa4+ Qd7 9. Qxc4 b6 10. e3 Ba6 11. Qb3 Bxf1 12. Kxf1 O-O 13. Ke2 Nc6 14. Bg3
Na5 15. Qb4 c5 16. dxc5 Rac8 17. Rhd1 Qb7 18. Rd3 Rxc5 19. Rad1 Qa6 20. Nd4 e5
21. Nb3 Rc4 22. Qe7 e4 23. Rd7 Ra4+ 24. Ke1 Nxb3 25. axb3 Bxc3+ 26. R7d2 Bxd2+
27. Rxd2 Ra1+ 28. Rd1 Rxd1+ 29. Kxd1 Qd3+ 0-1

[Event "2015 Northern Alberta Open"]
[Site "Edmonton"]
[Date "2015.02.15"]
[Round "5.3"]
[White "Daniluk, Jim"]
[Black "Haessel, Dale"]
[Result "0-1"]
[WhiteElo "1983"]
[BlackElo "2182"]
[PlyCount "109"]
[EventDate "2015.02.14"]
[EventType "swiss"]
[EventRounds "5"]
[EventCountry "CAN"]

1. c4 c5 2. Nc3 g6 3. g3 Bg7 4. Bg2 Nc6 5. d3 Nf6 6. Nf3 d5 7. Nxd5 Nxd5 8.
cxd5 Qxd5 9. O-O O-O 10. Ng5 Qd7 11. Ne4 b6 12. Rb1 Bb7 13. Qa4 Rfd8 14. Rd1
Rac8 15. Bf4 h6 16. h4 Nd4 17. Qxd7 Rxd7 18. Bh3 e6 19. Kf1 Rcd8 20. Rdc1 f5
21. Nd2 e5 22. Be3 Bd5 23. Bxd4 exd4 24. a4 Re7 25. h5 Kh7 26. Nf3 Bf6 27. Nd2
Be5 28. a5 f4 29. axb6 axb6 30. Nc4 Bc7 31. hxg6+ Kxg6 32. gxf4 Bxf4 33. Re1 b5
34. Na3 Rf8 35. f3 Rfe8 36. b4 Bd2 37. Bg2 Bxb4 38. Nxb5 Bxe1 39. Rxe1 Rb8 40.
Nd6 Rb2 41. Ne4 Bxe4 42. fxe4 Reb7 43. Bh3 Kg5 44. Kf2 Rb1 45. Rxb1 Rxb1 46. e5
Kf4 47. e6 Rb7 48. Bg2 Re7 49. Bd5 Ke5 50. Bc4 Rxe6 51. Bxe6 Kxe6 52. Kg3 Kf5
53. e3 dxe3 54. Kf3 Ke5 55. Kxe3 0-1

[Event "2015 Northern Alberta Open"]
[Site "Edmonton"]
[Date "2015.02.15"]
[Round "5.5"]
[White "Gold, Itohan"]
[Black "Malek, Omid"]
[Result "1-0"]
[WhiteElo "1975"]
[BlackElo "2047"]
[PlyCount "85"]
[EventDate "2015.02.14"]
[EventType "swiss"]
[EventRounds "5"]
[EventCountry "CAN"]

1. e4 d6 2. d4 Nf6 3. Nc3 g6 4. f4 Bg7 5. Nf3 c5 6. dxc5 Qa5 7. Bd3 Qxc5 8. Qe2
O-O 9. Be3 Qb4 10. O-O Qxb2 11. Nb5 Ne8 12. Rfb1 Qxa1 13. Rxa1 Bxa1 14. c3 a6
15. Na7 Bg4 16. Qe1 Bb2 17. Qb1 Nc6 18. Qxb2 Nxa7 19. Qxb7 Rc8 20. Qxa7 Rxc3
21. Ne1 Rc7 22. Qxa6 Nf6 23. h3 Bd7 24. Qa5 Rcc8 25. e5 dxe5 26. Qxe5 Be6 27.
a4 Rfd8 28. Kh2 Rd5 29. Qb2 Rh5 30. Kg3 Nd5 31. Bd2 Nf6 32. Nf3 Rd5 33. Qb1
Rdd8 34. Bb5 Bf5 35. Qe1 Ne4+ 36. Kh2 Nxd2 37. Nxd2 Bd7 38. Bxd7 Rxd7 39. Nf3
Rdc7 40. Qe5 e6 41. Qf6 Ra7 42. Ne5 Rf8 43. Nc6 1-0

[Event "2015 Northern Alberta Open"]
[Site "Edmonton"]
[Date "2015.02.15"]
[Round "5.8"]
[White "Razzaq, Ali"]
[Black "Superceanu, Bogdan"]
[Result "1-0"]
[WhiteElo "1845"]
[BlackElo "1800"]
[PlyCount "111"]
[EventDate "2015.02.14"]
[EventType "swiss"]
[EventRounds "5"]
[EventCountry "CAN"]

1. d4 d5 2. Bf4 Nf6 3. e3 e6 4. Nd2 Bd6 5. Ngf3 Bxf4 6. exf4 Qd6 7. g3 O-O 8.
Bd3 b6 9. O-O c5 10. c4 Nbd7 11. Rc1 Bb7 12. cxd5 Qxd5 13. Bc4 Qd6 14. dxc5
Nxc5 15. Qe2 Rfd8 16. Qe5 Nd3 17. Bxd3 Qxd3 18. Rc3 Qd5 19. Rfc1 Rac8 20. Qxd5
Nxd5 21. Rxc8 Rxc8 22. Rxc8+ Bxc8 23. Nc4 Ba6 24. Nd6 Nb4 25. a3 Nc6 26. b4 b5
27. Ne5 Nxe5 28. fxe5 Kf8 29. Kf1 Ke7 30. Ke2 f6 31. f4 fxe5 32. fxe5 Kd7 33.
Kd3 g6 34. Kd4 Kc6 35. g4 h5 36. gxh5 gxh5 37. h4 Kb6 38. Ne8 Bb7 39. Ng7 Bf3
40. Nxe6 a5 41. Ng5 axb4 42. axb4 Bg4 43. Kd5 Kc7 44. Ne6+ Kd7 45. Nd4 Kc7 46.
Kc5 Bd7 47. Nxb5+ Bxb5 48. Kxb5 Kd7 49. Kc5 Ke6 50. b5 Kxe5 51. b6 Kf4 52. b7
Kg4 53. b8=Q Kxh4 54. Qf4+ Kh3 55. Qg5 h4 56. Kd4 1-0

[Event "2015 Northern Alberta Open"]
[Site "Edmonton"]
[Date "2015.02.15"]
[Round "5.10"]
[White "McKay, Arnold"]
[Black "Koneru, Nimai"]
[Result "1-0"]
[WhiteElo "1839"]
[BlackElo "1375"]
[PlyCount "57"]
[EventDate "2015.02.14"]
[EventType "swiss"]
[EventRounds "5"]
[EventCountry "CAN"]

1. e4 c6 2. d4 d5 3. Nc3 dxe4 4. Nxe4 Bf5 5. Ng3 Bg6 6. h4 h6 7. h5 Bh7 8. Nf3
Nd7 9. Bd3 Bxd3 10. Qxd3 Ngf6 11. Bd2 e6 12. O-O-O Be7 13. Rhe1 O-O 14. Qe2 Qc7
15. Ne5 Nxe5 16. dxe5 Nd7 17. f4 Rad8 18. Ne4 Nc5 19. Nxc5 Bxc5 20. g4 Be7 21.
g5 hxg5 22. fxg5 Qb6 23. g6 f6 24. h6 fxe5 25. Qxe5 Bf6 26. Qxe6+ Kh8 27. hxg7+
Kxg7 28. c3 Rfe8 29. Qf7+ 1-0

[Event "2015 Northern Alberta Open"]
[Site "Edmonton"]
[Date "2015.02.15"]
[Round "5.15"]
[White "Sponga, George"]
[Black "Purewal, Sardul"]
[Result "0-1"]
[WhiteElo "1772"]
[BlackElo "2001"]
[PlyCount "54"]
[EventDate "2015.02.14"]
[EventType "swiss"]
[EventRounds "5"]
[EventCountry "CAN"]

1. f4 Nf6 2. Nf3 g6 3. e3 Bg7 4. d4 d5 5. Bd3 Bg4 6. O-O e6 7. Nbd2 Nbd7 8. Qe1
Bf5 9. Ne5 Bxd3 10. cxd3 c5 11. dxc5 Nxc5 12. b4 Ncd7 13. Nxd7 Nxd7 14. Rb1 O-O
15. d4 Rc8 16. Rf3 Nb6 17. Rh3 Nc4 18. Nf3 Nd6 19. g4 h6 20. g5 h5 21. a4 Rc2
22. Rb2 Qc7 23. Rxc2 Qxc2 24. Qd2 Qxa4 25. Ne5 Rc8 26. Qb2 Qd1+ 27. Kf2 Rc2+
0-1

[Event "2015 Northern Alberta Open"]
[Site "Edmonton"]
[Date "2015.02.15"]
[Round "5.18"]
[White "Mo, Michelle"]
[Black "Mah, Sean"]
[Result "0-1"]
[WhiteElo "1483"]
[BlackElo "1667"]
[PlyCount "90"]
[EventDate "2015.02.14"]
[EventType "swiss"]
[EventRounds "5"]
[EventCountry "CAN"]

1. e4 c6 2. d4 d5 3. exd5 cxd5 4. c4 e6 5. cxd5 exd5 6. Nc3 Nf6 7. Nf3 Nc6 8.
Bb5 Be7 9. O-O O-O 10. Bxc6 bxc6 11. Ne5 Bb7 12. Be3 Nd7 13. f4 f6 14. Nd3 Ba6
15. Rf3 Nb6 16. b3 Bd6 17. Nc5 Bxc5 18. dxc5 Nd7 19. Bd4 Re8 20. Rg3 Rb8 21.
Qg4 Qe7 22. Rb1 g6 23. f5 g5 24. h4 h6 25. Qh5 Qg7 26. hxg5 hxg5 27. Be3 Qh7
28. Qxh7+ Kxh7 29. Rh3+ Kg7 30. Rd1 Re7 31. Kf2 Rbe8 32. Rdh1 Nf8 33. g4 Rd8
34. Bd4 Bb7 35. a3 a5 36. a4 Ba6 37. R1h2 Rb8 38. Rh6 Rf7 39. R6h5 Kg8 40. Rh8+
Kg7 41. R2h6 Rb4 42. Be3 d4 43. Bxd4 Rxd4 44. Ne2 Rd2 45. Kf3 Rxe2 0-1